مكتبة جامعة عجلون الوطنية

فهرس بحث المكتبة

Normal view MARC view
  • Mood , Alexander/Franklin A.Graybill/Duane C. Boes

Entry Personal Name

Number of records used in: 1

001 - CONTROL NUMBER

  • control field: 5409

003 - CONTROL NUMBER IDENTIFIER

  • control field: JO-AjAnu

005 - DATE AND TIME OF LATEST TRANSACTION

  • control field: 20230606071158.0

008 - FIXED-LENGTH DATA ELEMENTS

  • fixed length control field: 230606|| aca||aabn | a|a d

040 ## - CATALOGING SOURCE

  • Original cataloging agency: JO-AjAnu
  • Transcribing agency: JO-AjAnu

100 ## - HEADING--PERSONAL NAME

  • Personal name: Mood , Alexander/Franklin A.Graybill/Duane C. Boes

670 ## - SOURCE DATA FOUND

  • Source citation: Work cat.: (JO-AjAnu)2791: Mood , Alexander/Franklin A.Graybill/Duane C. Boes, author, Introduction to the theory of statistics